00400nam a22001217a 4500082001200000100007500012245002900087260002700116300000900143700004100152700004200193700004300235 aR/2CS18 aSagar Kumar Anbania18CS32aSupervisor - Prof. Dr. Fareed Ahmed Jokhio aVehicle Classification.  aNawabshahbQUESTc2021 a45p. aWajid Hussain Abro (Roll No. 18CS31) aSyed Sajid Ali Shah (Roll No. 18CS06) aAli Asghar Urf Aamir (Roll No. 18CS10)